| 000 | 01241nam a2200217Ia 4500 | ||
|---|---|---|---|
| 003 | Ost | ||
| 005 | 20260507075023.0 | ||
| 008 | 260507s9999||||xx |||||||||||||| ||und|| | ||
| 040 | _cfsecg | ||
| 041 | _aara | ||
| 082 | _a330 | ||
| 100 |
_aمنديل، عبد الجبار _eمؤلف |
||
| 245 | 0 |
_aأسس التسويق الحديث / _c عبد الجبار منديل |
|
| 260 |
_aعمان: _bالدار العلمية الدولية ودار الثقافة للنشر والتوزيع, _c2002 |
||
| 300 |
_a287 صفحة؛ _bإيضاحات ؛ _c24 سم |
||
| 520 | _aالمدخل الى التسويق- بيئة التسويق- الإدارة التسويقية- دراسة السوق- تسويق السلع الإستهلاكية- السلوك الشرائي للمستهلك- تخطيط التشكيل السلعي- السعر والتسعير - التوزيع- تجارة الجملة وتجارة المفرد- إدارة المعلومات التسويقية- تنظيم بحوث التسويق- النقل السلعي- التخزين- الشراء- الإعلان- البيع - تسويق الخدمات | ||
| 653 | _aأدارة المبيعات | ||
| 653 | _aالتجارة | ||
| 653 | _aالتسويق | ||
| 942 | _cكتاب | ||
| 999 |
_c42295 _d42295 |
||